|
|
|
|
| LEADER |
01383nam a2200289 a 4500 |
| 001 |
2576033 |
| 008 |
091205s1995 bg b 100 0 eng d |
| 010 |
|
|
|a 95906551
|
| 040 |
|
|
|a DLC
|c DLC
|
| 082 |
0 |
0 |
|a 305.42/095492
|2 20
|
| 245 |
0 |
0 |
|a Environment and development :
|b gender perspective /
|c board of editors, Roushan Jahan ... [et al.].
|
| 250 |
|
|
|a 1st ed.
|
| 260 |
|
|
|a Dhaka :
|b Women for Women,
|c 1995.
|
| 300 |
|
|
|a vii, 147 p. ;
|c 23 cm.
|
| 520 |
|
|
|a Papers presented at the National Convention 1993 on Environment and Development: Gender Perspective, held in Dhaka, 27-28 Nov. 1993.
|
| 504 |
|
|
|a Includes bibliographical references.
|
| 541 |
1 |
|
|e 00005471
|
| 650 |
|
0 |
|a Women in development
|z Bangladesh
|v Congresses.
|
| 650 |
|
0 |
|a Women and the environment
|z Bangladesh
|v Congresses.
|
| 650 |
|
0 |
|a Environmental policy
|z Bangladesh
|v Congresses.
|
| 650 |
|
0 |
|a Economic development
|x Environmental aspects
|z Bangladesh
|v Congresses.
|
| 700 |
1 |
|
|a Jahan, Roushan.
|
| 710 |
2 |
|
|a Women for Women (Organization : Bangladesh)
|
| 711 |
2 |
|
|a National Convention 1993 on Environment and Development: Gender Perspective
|d (1993 :
|c Dhaka, Bangladesh)
|
| 852 |
4 |
|
|a Ayesha Abed Library
|j General Shelf.
|
| 999 |
|
|
|c 5988
|d 5988
|
| 952 |
|
|
|0 0
|1 0
|2 ddc
|4 0
|6 305_420954920000000_ENV_1995
|7 0
|9 5974
|a BRACUL
|b BRACUL
|c GEN
|d 2009-12-07
|g 110.00
|l 0
|o 305.42095492 ENV
|p 3010005471
|r 2009-12-07
|t 1
|w 2009-12-07
|y BK
|